Τουραντότ : όπερα σε τρεις πράξεις = Turandot : drama lirico in three acts
Αποθηκεύτηκε σε:
| Άλλοι συγγραφείς: | , |
|---|---|
| Μορφή: | Βιβλίο |
| Γλώσσα: | Greek English |
| Δημοσίευση: |
[Αθήνα] :
Εθνική Λυρική Σκηνή,
[2007-2008].
|
| Θέματα: | |
| Ετικέτες: |
Προσθήκη ετικέτας
Δεν υπάρχουν, Καταχωρήστε ετικέτα πρώτοι!
|
MARC
| LEADER | 00000cam a2200000 i 4500 | ||
|---|---|---|---|
| 001 | 1/101254 | ||
| 008 | 090213s2008####gr | | ||| |||| ||gre|| | ||
| 035 | |l 10103188 | ||
| 040 | |a GR-MY-UA |b gre |e aacr | ||
| 041 | 0 | |a gre |a eng | |
| 082 | 0 | |a 782.1 |2 (22) | |
| 245 | 1 | 0 | |a Τουραντότ : |b όπερα σε τρεις πράξεις = Turandot : drama lirico in three acts / |c επιμέλεια κειμένων Αντωνέτα Κώτση, αγγλική μετάφραση Christine Sturmey. |
| 246 | 1 | |i Παράλληλος τίτλος: |a Turandot : |b drama lirico in three acts | |
| 260 | |a [Αθήνα] : |b Εθνική Λυρική Σκηνή, |c [2007-2008]. | ||
| 300 | |a 111 σ. : |b εγχρ. εικ. ; |c 24 εκ. | ||
| 500 | |a Η Εθνική Λυρική Σκηνή γιορτάζει τα 150 χρόνια απο την γέννηση του Τζάκομο Πουτσίνι -- The Greek National Opera celebrates 150 years from Giacomo Puccini's birth. | ||
| 500 | |a [Επιμέλεια έκδοσης] Νίκος Α. Δοντάς, Άννα Παπαέτη, Ελένη Πέτρου-Ράπτη, Σοφία Κομποτιάτη, καλλιτεχνική επιμέλεια Γιάννης Κουρούδης, k2design -- Αριθμός έκδοσης 17. | ||
| 600 | 1 | 0 | |a Puccini, Giacomo, |d 1858-1924 |x Stories, plots, etc. |
| 650 | 0 | 0 | |a Operas |x Stories, plots, etc. |
| 650 | 0 | 0 | |a Opera |x Performances. |
| 650 | 0 | 0 | |a Opera |x Analysis, apreciation. |
| 650 | 0 | 0 | |a Opera programs. |
| 700 | 1 | |a Κώτση, Αντωνέτα, |e edtf [Επιμελήτρια] | |
| 700 | 1 | |a Sturmey, Christine, |e trlf | |
| 852 | |a INST |b LESVOS |e 20090213 |h 782.1 ΤΟΥ |p 005100039926 |q 005100039926 |t BK |y 0 | ||
| 901 | |a BIBL1-2009-1 | ||
| 909 | |a Λ |b 121701 | ||
| 970 | |a ΤΖΑΦΕΡΗ |b ΕΥΑΓΓΕΛΙΑ |z 2009/02/13 | ||